000 01092nam0a22002651 4500
001 2576614
005 20250622225738.0
035 _a(NLR Aleph) 006459883
090 _a5825193
_c5825193
100 _a20110316d1978 |||y0rusy50 ca
101 1 _arus
_aund
_crus
102 _aRU
105 _aa z |||||
200 1 _aProtokol šestnáctého zasędani Výboru zplnomoenĕných zástupcu clenských zemí Mezinárodního centra vĕdeckýeh a technikýeh informací (16-18 kventna 1978)
210 _aMoskva
_cБ. и.
_d1978
215 _aIII, 219 с.
_cтабл.
_d28
309 _aОтпеч. множит. аппаратом. Оттиск № 55
333 _aPro služebni potrebi
710 1 2 _aМеждународный центр научной и технической информации (Москва). Комитет полномочных представителей стран-членов. Заседание (16; 1978)
801 0 _aRU
_bNLR
_gpsbo
801 1 _aRU
_bELAR
_2rusmarc
852 _aNLR
_jDesideratum
899 _aRuMoRGB
_jc/P 79/72
942 _cBOOK
980 _aNB